[Event "Køge Bugt Vinter 2012"]
[Site "Solrød Skole"]
[Date "2012.01.25"]
[Round "2.14"]
[White "Kieldsen, Seier"]
[Black "Szûcs, Michell Daniel"]
[Result "1/2-1/2"]
[WhiteElo "1050"]
[BlackElo "1189"]
[PlyCount "110"]
[EventDate "2012.??.??"]
[WhiteTeam "Solrød Skakklub"]
[BlackTeam "Hvidovre Skakklub"]

1. d4 g6 2. Bg5 Bg7 3. Nf3 Nf6 4. Nc3 d6 5. h3 O-O 6. e3 Re8 7. Bb5 Bd7 8. Qe2
a6 9. Bc4 b5 10. Bd3 c5 11. Ne4 Nxe4 12. Bxe4 Bc6 13. d5 Bd7 14. O-O b4 15.
Rab1 Bb5 16. Bd3 Bxd3 17. Qxd3 Qa5 18. a3 Qb5 19. Rfd1 Qxd3 20. Rxd3 a5 21. c3
c4 22. Rdd1 bxc3 23. bxc3 Bxc3 24. Rdc1 Bg7 25. Rxc4 Nd7 26. a4 Nc5 27. e4 f6
28. Be3 Reb8 29. Rxb8+ Rxb8 30. Bxc5 dxc5 31. Rxc5 Ra8 32. Nd2 f5 33. exf5 gxf5
34. Nb3 Rb8 35. Nxa5 Be5 36. g3 Bd6 37. Rc4 Rb1+ 38. Kg2 Rd1 39. Nc6 Rxd5 40.
a5 Rb5 41. a6 Rb6 42. Ra4 Rxc6 43. a7 Rc8 44. a8=Q Rxa8 45. Rxa8+ Kg7 46. f4
Kf7 47. Kf3 h6 48. g4 fxg4+ 49. hxg4 Kg7 50. Ra2 Kg6 51. Ke4 Kf6 52. Rg2 e5 53.
g5+ hxg5 54. fxg5+ Kg6 55. Kd5 Be7 1/2-1/2

[Event "Køge Bugt Vinter 2012"]
[Site "Solrod Skole"]
[Date "2012.02.08"]
[Round "3.1"]
[White "Christensen, Peter"]
[Black "Krogh, Peter Ove"]
[Result "1/2-1/2"]
[WhiteElo "1306"]
[BlackElo "1899"]
[PlyCount "55"]
[EventDate "2012.??.??"]
[WhiteTeam "Køge Skakklub"]
[BlackTeam "Køge Skakklub"]

1. d4 Nf6 2. c4 e6 3. Nc3 Bb4 4. e3 b6 5. Nf3 Bb7 6. Bd3 Ne4 7. Bxe4 Bxc3+ 8.
bxc3 Bxe4 9. O-O d6 10. Qe2 Nd7 11. Nd2 Bb7 12. e4 O-O 13. f4 f5 14. a4 a5 15.
Rf3 Qf6 16. Rh3 Qg6 17. Ba3 fxe4 18. Rg3 Qf5 19. Rg5 Qxf4 20. Rg4 Qh6 21. Bc1
Qh5 22. Rxg7+ Kxg7 23. Qxh5 Nf6 24. Qh4 Kf7 25. Nf1 Rg8 26. Ng3 Rg6 27. Be3
Rag8 28. Rf1 1/2-1/2

[Event "Køge Bugt Vinter 2012"]
[Site "Solrod Skole"]
[Date "2012.02.08"]
[Round "3.2"]
[White "Thinggaard, Jørgen"]
[Black "Taskiran, Erol"]
[Result "0-1"]
[WhiteElo "1186"]
[BlackElo "1666"]
[PlyCount "110"]
[EventDate "2012.??.??"]
[WhiteTeam "Vejlby-Risskov Skakklub"]
[BlackTeam "Greve Skakklub"]

1. e4 d5 2. exd5 Qxd5 3. Nc3 Qa5 4. d3 Nf6 5. Bd2 c6 6. Nf3 Ng4 7. h3 Nf6 8.
Ne4 Qb6 9. Nxf6+ exf6 10. b3 Bd6 11. Be3 Qa5+ 12. Nd2 O-O 13. Be2 Bf5 14. O-O
Qc7 15. Nf3 Nd7 16. Nh4 Be6 17. Bg4 Ne5 18. Bxe6 fxe6 19. Qe2 Rad8 20. Bxa7 b6
21. d4 Qxa7 22. dxe5 Bxe5 23. Rad1 Qxa2 24. Qc4 Rd6 25. Nf5 b5 26. Ne7+ Kh8 27.
Qg4 Qa7 28. Ng6+ hxg6 29. Qxg6 Qf7 30. Qg4 Rfd8 31. f4 Bd4+ 32. Kh2 f5 33. Qf3
c5 34. c3 Bf6 35. Rb1 Qg6 36. b4 Rd3 37. Qf2 Bxc3 38. bxc5 Rd2 39. Qh4+ Kg8 40.
Rf2 Bf6 41. Qg3 Qxg3+ 42. Kxg3 Rxf2 43. Kxf2 Bd4+ 44. Kf3 Bxc5 45. Rxb5 Ba7 46.
Rb7 Bg1 47. Re7 Rd3+ 48. Ke2 Re3+ 49. Kf1 Bh2 50. g4 fxg4 51. hxg4 Bxf4 52. Rd7
Rg3 53. Re7 e5 54. Kf2 Rxg4 55. Kf3 Rh4 0-1

[Event "Køge Bugt Vinter 2012"]
[Site "Solrod Skole"]
[Date "2012.02.08"]
[Round "3.3"]
[White "Madsen, Preben Leo"]
[Black "Refsgaard, Kaj"]
[Result "0-1"]
[WhiteElo "1359"]
[BlackElo "1737"]
[PlyCount "56"]
[EventDate "2012.??.??"]
[WhiteTeam "Brønshøj Skakforening"]
[BlackTeam "Jernbanens Skakklub"]

1. Nf3 Nf6 2. g3 g6 3. Bg2 Bg7 4. O-O O-O 5. d4 d5 6. Nc3 c6 7. Re1 Nbd7 8. e4
dxe4 9. Nxe4 Nb6 10. Bg5 Nbd5 11. Qd2 Re8 12. c4 Nxe4 13. Rxe4 Nf6 14. Re2 Bf5
15. Rae1 Bg4 16. h3 Bxf3 17. Bxf3 Qd7 18. h4 h5 19. d5 cxd5 20. cxd5 Rac8 21.
b3 b6 22. Bxf6 Bxf6 23. Re3 Qd6 24. Qe2 Bd4 25. Rxe7 Rxe7 26. Qxe7 Qxg3+ 27.
Bg2 Qxf2+ 28. Kh1 Bf6 0-1

[Event "Køge Bugt Vinter 2012"]
[Site "Solrod Skole"]
[Date "2012.02.08"]
[Round "3.4"]
[White "Krog-Jensen, Werner"]
[Black "Jørgensen, Leif"]
[Result "1-0"]
[WhiteElo "1309"]
[BlackElo "1676"]
[PlyCount "123"]
[EventDate "2012.??.??"]
[WhiteTeam "Enkeltmedlem 8. HK"]
[BlackTeam "Solrød Skakklub"]

1. Nf3 Nf6 2. g3 e6 3. Bg2 Bc5 4. d4 Bb6 5. O-O Nc6 6. c3 d5 7. Bg5 h6 8. Bc1
Ne7 9. Nbd2 c6 10. Ne5 Bc7 11. Ndf3 g5 12. h3 Bd6 13. Nh2 Nd7 14. Nxd7 Bxd7 15.
Ng4 Nf5 16. Ne5 Qc7 17. Nxd7 Kxd7 18. Qd3 Rag8 19. e4 Ng7 20. e5 Be7 21. g4 h5
22. f4 hxg4 23. hxg4 gxf4 24. Rxf4 Rf8 25. Bd2 Bg5 26. Rf3 Bxd2 27. Qxd2 Kc8
28. Raf1 Ne8 29. g5 Qe7 30. Qf2 Qxg5 31. Qg3 Qxg3 32. Rxg3 Kd7 33. b3 Ke7 34.
c4 Nc7 35. cxd5 cxd5 36. Rc3 Kd7 37. Rcf3 Rh7 38. Bh3 Rg7+ 39. Kf2 Nb5 40. Ke3
Ke7 41. Rc1 Kd7 42. Bf1 Nc7 43. Bd3 a6 44. a4 Ne8 45. b4 f6 46. b5 a5 47. b6 f5
48. Bb5+ Kd8 49. Kf2 Re7 50. Bxe8 Rfxe8 51. Rfc3 Rd7 52. Rc7 Rxc7 53. Rxc7 Re7
54. Rc5 Rh7 55. Rxa5 Rh4 56. Ra8+ Kd7 57. Rb8 Kc6 58. a5 Rxd4 59. Re8 Kd7 60.
a6 bxa6 61. b7 Kxe8 62. b8=Q+ 1-0

[Event "Køge Bugt Vinter 2012"]
[Site "Solrod Skole"]
[Date "2012.02.08"]
[Round "3.5"]
[White "Nielsen, Kai Gylling"]
[Black "Hansen, Erik Levin"]
[Result "1-0"]
[WhiteElo "1907"]
[BlackElo "1743"]
[PlyCount "93"]
[EventDate "2012.??.??"]
[WhiteTeam "Roskilde Skakklub"]
[BlackTeam "Haslev Skakklub"]

1. Nf3 g6 2. d4 Bg7 3. c4 d6 4. Nc3 c6 5. e4 Bg4 6. Be2 Nf6 7. h3 Bxf3 8. Bxf3
O-O 9. Be3 e5 10. Qb3 Qb6 11. Qxb6 axb6 12. dxe5 dxe5 13. Bxb6 Bh6 14. O-O Nfd7
15. Be3 Bxe3 16. fxe3 Na6 17. Rad1 Ndc5 18. Rd6 Rad8 19. Rfd1 Rxd6 20. Rxd6 h5
21. a3 Nb8 22. b4 Ne6 23. g4 h4 24. Kf2 g5 25. Be2 Rd8 26. Rxd8+ Nxd8 27. a4
Kf8 28. c5 Ne6 29. Bc4 Nc7 30. b5 Ke7 31. a5 Nxb5 32. Nxb5 cxb5 33. Bxb5 Kd8
34. Ke2 Kc7 35. Kd3 Nc6 36. Kc4 Nxa5+ 37. Kd5 Kd8 38. Kxe5 Ke7 39. Kd5 Nb3 40.
Bc4 Na5 41. Bb5 Nb3 42. e5 Na5 43. Ke4 Ke6 44. Ba4 f6 45. exf6 Nc6 46. Bxc6
bxc6 47. f7 1-0

[Event "Køge Bugt Vinter 2012"]
[Site "Solrod Skole"]
[Date "2012.02.08"]
[Round "3.6"]
[White "Sørensen, Aron Frank"]
[Black "Christensen, Verner"]
[Result "0-1"]
[WhiteElo "1670"]
[BlackElo "1917"]
[PlyCount "67"]
[EventDate "2012.??.??"]
[WhiteTeam "Solrød Skakklub"]
[BlackTeam "Solrød Skakklub"]

1. c4 e6 2. g3 f5 3. Bg2 Nf6 4. Nc3 d5 5. d3 c6 6. e3 Bb4 7. Bd2 O-O 8. Nge2
Qe7 9. O-O dxc4 10. dxc4 Rd8 11. Qc2 Na6 12. a3 Bd6 13. b4 Rb8 14. e4 Be5 15.
Rad1 Ng4 16. exf5 exf5 17. Nf4 Bd4 18. Rde1 Qd6 19. c5 Qf6 20. Qa2+ Qf7 21.
Ncd5 Kh8 22. Re7 Qf8 23. Rfe1 Bxf2+ 24. Kh1 Bxe1 25. Bxe1 cxd5 26. Qe2 d4 27.
Bd5 Bd7 28. Rf7 Qe8 29. Re7 Qf8 30. Rf7 Qxf7 31. Bxf7 Bc6+ 32. Kg1 d3 33. Nxd3
Bb5 34. Qe5 0-1

[Event "Køge Bugt Vinter 2012"]
[Site "Solrod Skole"]
[Date "2012.02.08"]
[Round "3.7"]
[White "Kristensen, Benny"]
[Black "Andersen, Hans E"]
[Result "1-0"]
[WhiteElo "1866"]
[BlackElo "1470"]
[PlyCount "37"]
[EventDate "2012.??.??"]
[WhiteTeam "Skovbo Skakklub"]
[BlackTeam "Skovbo Skakklub"]

1. e4 e5 2. Nf3 Nc6 3. Bb5 d6 4. d4 Bd7 5. Nc3 exd4 6. Nxd4 Nxd4 7. Bxd7+ Qxd7
8. Qxd4 h6 9. Be3 Ne7 10. O-O-O Nc6 11. Qd2 Be7 12. f4 O-O-O 13. Nd5 Qe6 14.
Qc3 Bf6 15. Qc4 Kb8 16. Rd3 Rd7 17. Ra3 a6 18. Rxa6 Ne7 19. Ra8+ 1-0

[Event "Køge Bugt Vinter 2012"]
[Site "Solrod Skole"]
[Date "2012.02.08"]
[Round "3.8"]
[White "Bayhan, Erkan"]
[Black "Nielsen, Steen"]
[Result "0-1"]
[WhiteElo "1323"]
[BlackElo "1797"]
[PlyCount "134"]
[EventDate "2012.??.??"]
[WhiteTeam "Hvidovre Skakklub"]
[BlackTeam "Solrød Skakklub"]

1. d4 d5 2. c4 e6 3. Nf3 Nf6 4. Bf4 c6 5. e3 Be7 6. Nc3 Nbd7 7. Bd3 dxc4 8.
Bxc4 O-O 9. a3 Nb6 10. Bd3 Nfd5 11. Bg3 c5 12. Qc2 h6 13. dxc5 Nd7 14. Nxd5
exd5 15. b4 a5 16. Rc1 axb4 17. axb4 Nf6 18. O-O Bd7 19. Ra1 Qe8 20. Rxa8 Qxa8
21. h3 Rc8 22. Qb2 b6 23. Ra1 Qc6 24. Ne5 Qe6 25. Ra6 Bd8 26. b5 Rxc5 27. Nxd7
Qxd7 28. Ra8 Rc8 29. Qa3 Ne4 30. Ra7 Qe6 31. Bxe4 Qxe4 32. Qb3 Bf6 33. Rd7 Qc4
34. Qd1 Rc5 35. Qh5 d4 36. Qf3 dxe3 37. Qxe3 Qc1+ 38. Qxc1 Rxc1+ 39. Kh2 Rc5
40. Rb7 Rxb5 41. Bc7 Bd4 42. Kg3 Rb3+ 43. f3 b5 44. Kf4 b4 45. Bd6 Bc3 46. Rb8+
Kh7 47. Rb7 Kg6 48. g4 Rb1 49. h4 b3 50. h5+ Kh7 51. Ke4 b2 52. Kd3 Bf6 53. Bf4
Rf1 54. Kc2 Rxf3 55. Bd2 Rf2 56. Rxf7 Rxd2+ 57. Kxd2 b1=Q 58. g5 Bxg5+ 59. Ke2
Qa2+ 60. Kf3 Qxf7+ 61. Kg4 g6 62. hxg6+ Kxg6 63. Kh3 Qf3+ 64. Kh2 Qg4 65. Kh1
Kf5 66. Kh2 Kf4 67. Kh1 Kf3 0-1

[Event "Køge Bugt Vinter 2012"]
[Site "Solrod Skole"]
[Date "2012.02.08"]
[Round "3.9"]
[White "Krag-Jacobsen, Alan"]
[Black "Forsmann, Henning"]
[Result "0-1"]
[WhiteElo "1670"]
[BlackElo "1747"]
[PlyCount "72"]
[EventDate "2012.??.??"]
[WhiteTeam "Solrød Skakklub"]
[BlackTeam "Solrød Skakklub"]

1. e4 c5 2. c3 e6 3. Nf3 d5 4. exd5 exd5 5. d4 cxd4 6. Nxd4 Nc6 7. Be3 Nf6 8.
Be2 a6 9. Nd2 Bd6 10. h3 O-O 11. N2f3 Qc7 12. Qd2 Bd7 13. Bd3 Rfe8 14. Nf5 Bxf5
15. Bxf5 Bf4 16. O-O Bxe3 17. fxe3 Rad8 18. Rfe1 Ne5 19. Nxe5 Qxe5 20. Bc2 Nh5
21. Rad1 g6 22. Qd4 Qc7 23. Rf1 Ng7 24. Rf2 b5 25. Qd2 Re5 26. Qd4 Ne6 27. Qd2
Rg5 28. Qe1 Qg3 29. Kh1 Rh5 30. Qg1 Qxe3 31. Re1 Qg3 32. Qf1 Ng5 33. Qg1 Nxh3
34. gxh3 Rxh3+ 35. Rh2 Rxh2+ 36. Qxh2 Qxe1+ 0-1

[Event "Køge Bugt Vinter 2012"]
[Site "Solrod Skole"]
[Date "2012.02.08"]
[Round "3.10"]
[White "Trærup, Jørgen"]
[Black "Hald, Morten Hansen"]
[Result "0-1"]
[WhiteElo "1670"]
[BlackElo "1753"]
[PlyCount "72"]
[EventDate "2012.??.??"]
[WhiteTeam "BMS Skak"]
[BlackTeam "Køge Skakklub"]

1. d4 d5 2. c4 Nc6 3. c5 Bf5 4. e3 Nb4 5. Na3 Nc6 6. Nf3 e6 7. g3 Nf6 8. Bg2
Be4 9. Nb5 Nb4 10. Bd2 Nc2+ 11. Ke2 Nxa1 12. Qxa1 Be7 13. Nc3 c6 14. b4 b6 15.
a4 O-O 16. Qb2 Nd7 17. Nxe4 dxe4 18. Ne5 Nxe5 19. dxe5 Qd3+ 20. Kd1 bxc5 21.
Qc3 Qb1+ 22. Ke2 Qxb4 23. Qxb4 cxb4 24. Bxe4 Rac8 25. Rb1 a5 26. Kd3 Rfd8+ 27.
Kc2 c5 28. Bb7 Rc7 29. Ba6 c4 30. Bb5 b3+ 31. Kc1 Ba3+ 32. Kd1 c3 33. Rxb3
Rxd2+ 34. Ke1 Bb4 35. Rb1 c2 36. Rc1 Rd1+ 0-1

[Event "Køge Bugt Vinter 2012"]
[Site "Solrod Skole"]
[Date "2012.02.08"]
[Round "3.11"]
[White "Orup, Kim Amdi"]
[Black "Hansen, Erik Friberg"]
[Result "1-0"]
[WhiteElo "1803"]
[BlackElo "1541"]
[PlyCount "129"]
[EventDate "2012.??.??"]
[WhiteTeam "Solrød Skakklub"]
[BlackTeam "Hvidovre Skakklub"]

1. e4 d5 2. exd5 Qxd5 3. Nc3 Qa5 4. d3 c6 5. Bd2 Qc7 6. Be2 Nf6 7. Nf3 Bg4 8.
h3 Bh5 9. g4 Bg6 10. Nh2 e5 11. Bf3 Bd6 12. Qe2 Nbd7 13. O-O-O O-O-O 14. g5 e4
15. gxf6 exf3 16. Nxf3 Nxf6 17. Nh4 Bf4 18. Nxg6 Bxd2+ 19. Qxd2 hxg6 20. Rde1
Rde8 21. Rxe8+ Rxe8 22. Re1 Qd7 23. Rxe8+ Qxe8 24. Qe3 Qxe3+ 25. fxe3 Kd7 26.
Kd2 Kd6 27. Ne2 Nh5 28. e4 Ke5 29. Ke3 c5 30. c3 f5 31. d4+ cxd4+ 32. cxd4+ Ke6
33. Nf4+ Nxf4 34. Kxf4 g5+ 35. Kf3 f4 36. Kg4 g6 37. Kf3 Kf6 38. Kg4 Ke6 39.
Kf3 Kf6 40. Kf2 Ke6 41. a4 b6 42. Ke2 Kd6 43. Kd3 Ke6 44. Kc4 a6 45. a5 b5+ 46.
Kd3 Kf6 47. Ke2 Ke6 48. Kf3 Kf6 49. Kg4 Ke6 50. e5 Kd5 51. Kf3 Ke6 52. Ke4 Kd7
53. d5 Ke7 54. Kf3 Kf7 55. Kg4 Ke7 56. h4 gxh4 57. Kxf4 h3 58. Kg3 h2 59. Kxh2
Kd7 60. Kg3 Ke7 61. Kf4 Kf7 62. Kg5 Ke7 63. Kxg6 Kd7 64. Kf7 Kc7 65. Ke7 1-0

[Event "Køge Bugt Vinter 2012"]
[Site "Solrod Skole"]
[Date "2012.02.08"]
[Round "3.12"]
[White "Hellum, Oliver"]
[Black "Szûcs, Michell Daniel"]
[Result "1-0"]
[WhiteElo "1682"]
[BlackElo "1189"]
[PlyCount "85"]
[EventDate "2012.??.??"]
[WhiteTeam "BMS Skak"]
[BlackTeam "Hvidovre Skakklub"]

1. e4 g6 2. d4 Bg7 3. f4 e6 4. Nf3 d6 5. Be3 Nf6 6. Nc3 a6 7. h3 O-O 8. a4 Nc6
9. Qd2 Nh5 10. g4 Ng3 11. Rg1 Nxf1 12. Rxf1 b6 13. O-O-O Bb7 14. f5 exf5 15.
gxf5 Ne7 16. Bh6 gxf5 17. Bxg7 Kxg7 18. Qg5+ Kh8 19. Qf6+ Kg8 20. exf5 Ng6 21.
Qxd8 Raxd8 22. fxg6 fxg6 23. Ng5 Rxf1 24. Rxf1 h6 25. Ne6 Rc8 26. Rf6 Kh7 27.
Rf7+ Kg8 28. Rg7+ Kh8 29. Rxg6 Kh7 30. Rg7+ Kh8 31. Rxc7 Rxc7 32. Nxc7 Kg7 33.
Ne6+ Kf6 34. Nf4 Kf5 35. Nce2 Bf3 36. c4 Bxe2 37. Nxe2 Ke4 38. Kd2 Kf3 39. Kd3
h5 40. b4 h4 41. c5 bxc5 42. bxc5 dxc5 43. dxc5 1-0

[Event "Køge Bugt Vinter 2012"]
[Site "Solrod Skole"]
[Date "2012.02.08"]
[Round "3.13"]
[White "Larsen, Paul M"]
[Black "Kieldsen, Seier"]
[Result "0-1"]
[WhiteElo "1639"]
[BlackElo "1050"]
[PlyCount "108"]
[EventDate "2012.??.??"]
[WhiteTeam "Haslev Skakklub"]
[BlackTeam "Solrød Skakklub"]

1. d4 d5 2. Nf3 Nf6 3. e3 a6 4. Bd3 Nbd7 5. O-O c5 6. c3 c4 7. Bc2 g6 8. Nbd2
Qc7 9. h3 e6 10. Re1 Bd6 11. e4 dxe4 12. Nxe4 Nxe4 13. Bxe4 Nf6 14. Bc2 b5 15.
Bg5 Qd8 16. Qe2 h6 17. Bxf6 Qxf6 18. Ne5 Bb7 19. Be4 Bxe4 20. Qxe4 Rc8 21. Nxg6
fxg6 22. Qxe6+ Qxe6 23. Rxe6+ Kd7 24. Rae1 Rce8 25. R6e4 Rxe4 26. Rxe4 Re8 27.
f3 b4 28. Kf2 Rxe4 29. fxe4 a5 30. Ke2 Bf4 31. Kd1 Bg3 32. Kc2 Be1 33. cxb4
axb4 34. b3 cxb3+ 35. Kxb3 Ke6 36. Kc4 h5 37. g4 hxg4 38. hxg4 Bd2 39. Kb3 Kd6
40. Kc4 Ke6 41. Kb3 Be3 42. d5+ Ke5 43. Kxb4 Kxe4 44. Kc4 Ke5 45. a4 Kd6 46. a5
Ba7 47. a6 Be3 48. Kd3 Bb6 49. Kc4 Ba7 50. g5 Bf2 51. Kd3 Kxd5 52. Ke2 Bb6 53.
Kf3 Ke5 54. Kg4 Bc5 0-1

[Event "Køge Bugt Vinter 2012"]
[Site "Solrod Skole"]
[Date "2012.02.15"]
[Round "4.1"]
[White "Taskiran, Erol"]
[Black "Refsgaard, Kaj"]
[Result "0-1"]
[WhiteElo "1666"]
[BlackElo "1737"]
[PlyCount "88"]
[EventDate "2012.??.??"]
[WhiteTeam "Greve Skakklub"]
[BlackTeam "Jernbanens Skakklub"]

1. d4 d5 2. c4 c6 3. Nc3 g6 4. Nf3 Nf6 5. e3 Bg7 6. Be2 O-O 7. O-O Nbd7 8. Qb3
dxc4 9. Bxc4 Nb6 10. Bd3 Be6 11. Qc2 Nfd5 12. Ng5 Bc8 13. Nf3 Nb4 14. Qd2 Nxd3
15. Qxd3 Nd5 16. a3 Bg4 17. Nd2 Rc8 18. Nde4 Bf5 19. Qe2 Re8 20. Nc5 b6 21.
N5e4 Qd7 22. Ng3 Bg4 23. f3 Nxc3 24. bxc3 Be6 25. a4 c5 26. Rd1 cxd4 27. cxd4
Bd5 28. Bb2 Bb3 29. Rd2 Bxa4 30. Qa6 b5 31. Qa5 Rc4 32. Ne4 Rec8 33. Nc5 Qf5
34. Qa6 Rc7 35. Qa5 Rc6 36. Qd8+ Bf8 37. Nd7 Rc8 38. Qa5 Qxd7 39. h3 Rc2 40.
Ba3 Rxd2 41. Qxd2 Bg7 42. Bc1 Rc2 43. Qd3 Qc7 44. f4 Rxc1+ 0-1

[Event "Køge Bugt Vinter 2012"]
[Site "Solrod Skole"]
[Date "2012.02.15"]
[Round "4.2"]
[White "Krog-Jensen, Werner"]
[Black "Christensen, Peter"]
[Result "0-1"]
[WhiteElo "1309"]
[BlackElo "1306"]
[PlyCount "140"]
[EventDate "2012.??.??"]
[WhiteTeam "Enkeltmedlem 8. HK"]
[BlackTeam "Køge Skakklub"]

1. f4 d5 2. b3 Nf6 3. Bb2 e6 4. Nf3 b6 5. e3 Bb7 6. Bd3 Nbd7 7. O-O Be7 8. Nc3
O-O 9. Ne2 Nc5 10. Ne5 Nce4 11. Nd4 c5 12. Ndf3 Rc8 13. Be2 h6 14. d3 Nd6 15.
Qe1 Nf5 16. Bd1 d4 17. Nc4 b5 18. e4 bxc4 19. exf5 c3 20. Bc1 exf5 21. Ne5 Nd5
22. Bh5 Nb4 23. Nxf7 Rxf7 24. Qe6 Bd5 25. Bxf7+ Kh8 26. Qxf5 Nxc2 27. Rb1 Bxf7
28. Qxf7 Bf6 29. Qxa7 Qe8 30. Qb7 Rc6 31. f5 Nb4 32. Bf4 Nxd3 33. a4 c2 34. Ra1
Nxf4 35. Rxf4 Qe3+ 36. Kh1 c1=Q+ 37. Rf1 Qxa1 38. Rxa1 Qe4 39. a5 d3 40. Rd1
Qe2 41. Rg1 d2 42. Qxc6 d1=Q 43. h3 Qxg1+ 44. Kxg1 Qe3+ 45. Kh2 Qf4+ 46. Kh1
Qf1+ 47. Kh2 Be5+ 48. g3 Qxf5 49. a6 Qc2+ 50. Kh1 Bxg3 51. Qg2 Qxg2+ 52. Kxg2
Bb8 53. Kf3 Kg8 54. Ke4 Kf7 55. Kd5 Ba7 56. Kc6 c4 57. bxc4 Ke7 58. c5 Kd8 59.
Kd6 h5 60. c6 g5 61. Ke5 h4 62. Ke4 Kc7 63. Kf3 Kxc6 64. Kg4 Be3 65. a7 Kb7 66.
Kf5 Bf4 67. Kg4 Kxa7 68. Kf3 Kb6 69. Kg4 Bd2 70. Kf3 Kc5 0-1

[Event "Køge Bugt Vinter 2012"]
[Site "Solrod Skole"]
[Date "2012.02.15"]
[Round "4.3"]
[White "Krogh, Peter Ove"]
[Black "Christensen, Verner"]
[Result "1/2-1/2"]
[WhiteElo "1899"]
[BlackElo "1917"]
[PlyCount "75"]
[EventDate "2012.??.??"]
[WhiteTeam "Køge Skakklub"]
[BlackTeam "Solrød Skakklub"]

1. c4 e6 2. Nc3 g6 3. e4 Bg7 4. d4 Nc6 5. Nf3 Nge7 6. d5 exd5 7. cxd5 Ne5 8.
Nxe5 Bxe5 9. Bh6 d6 10. Bc4 Bd7 11. Qd2 Ng8 12. Be3 a6 13. a4 Ne7 14. O-O O-O
15. f4 Bg7 16. Bd4 f6 17. Rae1 Kh8 18. h3 c5 19. Bf2 Qc7 20. Kh1 Nc8 21. Bg3
Nb6 22. Bb3 Rae8 23. e5 fxe5 24. fxe5 dxe5 25. Rxf8+ Bxf8 26. Qg5 Bd6 27. Qf6+
Kg8 28. Ne4 Nc8 29. Qh4 Kh8 30. Qf6+ Kg8 31. Nxd6 Qxd6 32. Qxd6 Nxd6 33. Bxe5
c4 34. Bc2 b5 35. axb5 axb5 36. Bc3 Rxe1+ 37. Bxe1 Nf5 38. Bxf5 1/2-1/2

[Event "Køge Bugt Vinter 2012"]
[Site "Solrod Skole"]
[Date "2012.02.15"]
[Round "4.4"]
[White "Nielsen, Steen"]
[Black "Kristensen, Benny"]
[Result "0-1"]
[WhiteElo "1797"]
[BlackElo "1866"]
[PlyCount "118"]
[EventDate "2012.??.??"]
[WhiteTeam "Solrød Skakklub"]
[BlackTeam "Skovbo Skakklub"]

1. d4 e6 2. c4 f5 3. g3 Nf6 4. Bg2 d6 5. Nf3 Be7 6. O-O O-O 7. b3 Qe8 8. Nbd2
Nc6 9. Re1 Ne4 10. Bb2 Bf6 11. Rb1 d5 12. cxd5 exd5 13. Nf1 f4 14. gxf4 Bf5 15.
Rc1 Be7 16. a3 Bd6 17. Ne5 Qe7 18. Ng3 Qh4 19. Nxe4 dxe4 20. Qd2 Be6 21. Bxe4
Rxf4 22. Bxh7+ Kxh7 23. e3 Nxe5 24. dxe5 Qg5+ 25. Kh1 Rg4 26. Rg1 Be7 27. Rxg4
Qxg4 28. Qd1 Qe4+ 29. Kg1 Rd8 30. Qc2 Qxc2 31. Rxc2 Rd1+ 32. Kg2 c6 33. b4 Kg8
34. Bd4 a6 35. Bc5 Kf7 36. a4 Bb3 37. Rc3 Bxa4 38. f4 Rd2+ 39. Kg3 Rc2 40. Rd3
Bxc5 41. bxc5 Bb5 42. Rd7+ Kg6 43. e6 Kf6 44. e7 Kf7 45. e8=Q+ Kxe8 46. Rxg7
Rxc5 47. e4 a5 48. Rxb7 a4 49. Ra7 Rc3+ 50. Kg4 a3 51. Kf5 Bc4 52. e5 a2 53.
Kf6 Rc1 54. e6 a1=Q+ 55. Rxa1 Rxa1 56. f5 Bxe6 57. Kxe6 Rh1 58. Kd6 Rxh2 59.
Kxc6 Re2 0-1

[Event "Køge Bugt Vinter 2012"]
[Site "Solrod Skole"]
[Date "2012.02.15"]
[Round "4.5"]
[White "Forsmann, Henning"]
[Black "Thinggaard, Jørgen"]
[Result "1-0"]
[WhiteElo "1747"]
[BlackElo "1186"]
[PlyCount "57"]
[EventDate "2012.??.??"]
[WhiteTeam "Solrød Skakklub"]
[BlackTeam "Vejlby-Risskov Skakklub"]

1. e4 d5 2. exd5 Qxd5 3. Nc3 Qa5 4. d4 Nf6 5. Bd3 e6 6. a3 c6 7. Bd2 Bd6 8. Nf3
O-O 9. Ne4 Qd8 10. Nxd6 Qxd6 11. Bb4 Qd8 12. Bxf8 Qxf8 13. Qe2 c5 14. O-O Nc6
15. c3 cxd4 16. Nxd4 Nxd4 17. cxd4 Qd6 18. Rfd1 b6 19. Rac1 Bb7 20. Qe5 Qd8 21.
h3 Nd5 22. Bb5 f6 23. Qxe6+ Kh8 24. Bc6 Nf4 25. Qg4 Bxc6 26. Rxc6 Ng6 27. Rdc1
Ne7 28. Rc7 Qe8 29. Rxe7 1-0

[Event "Køge Bugt Vinter 2012"]
[Site "Solrod Skole"]
[Date "2012.02.15"]
[Round "4.6"]
[White "Hald, Morten Hansen"]
[Black "Madsen, Preben Leo"]
[Result "1/2-1/2"]
[WhiteElo "1753"]
[BlackElo "1359"]
[PlyCount "118"]
[EventDate "2012.??.??"]
[WhiteTeam "Køge Skakklub"]
[BlackTeam "Brønshøj Skakforening"]

1. e4 c5 2. d4 cxd4 3. c3 dxc3 4. Nxc3 e6 5. Nf3 Bb4 6. Qd4 Bxc3+ 7. Qxc3 f6 8.
Bc4 Nc6 9. b4 d5 10. exd5 exd5 11. Bb5 Nge7 12. O-O O-O 13. Bb2 a6 14. Ba4 b5
15. Bc2 Qe8 16. Rfe1 Qf7 17. Re3 Bd7 18. Rae1 Ng6 19. a3 Rae8 20. Qd3 Rxe3 21.
Rxe3 Re8 22. Rxe8+ Bxe8 23. Bb3 Nce7 24. Nd4 Ne5 25. Qg3 Qg6 26. Qxg6 Bxg6 27.
Ne6 N5c6 28. Nc7 Bf7 29. Nxa6 d4 30. Bxf7+ Kxf7 31. Nc7 d3 32. Nxb5 d2 33. Nc3
Nd4 34. Nd1 Nb3 35. f3 Ke6 36. Kf2 Kd5 37. Ke2 Ng6 38. g3 Ne5 39. Ne3+ Kc6 40.
Bc3 Kb5 41. Bxd2 Nxd2 42. Kxd2 Nxf3+ 43. Ke2 Nxh2 44. Kf2 h5 45. Kg2 Ng4 46.
Kf3 Nxe3 47. Kxe3 g5 48. Ke4 Kc6 49. a4 g4 50. a5 Kb5 51. Kd4 Ka6 52. Ke3 Kb5
53. Kf4 Ka6 54. Kf5 Kb5 55. Ke4 Ka6 56. Ke3 Kb5 57. Kd3 Ka6 58. Ke3 Kb5 59. Kd4
Ka6 1/2-1/2

[Event "Køge Bugt Vinter 2012"]
[Site "Solrod Skole"]
[Date "2012.02.15"]
[Round "4.7"]
[White "Kieldsen, Seier"]
[Black "Orup, Kim Amdi"]
[Result "0-1"]
[WhiteElo "1050"]
[BlackElo "1803"]
[PlyCount "68"]
[EventDate "2012.??.??"]
[WhiteTeam "Solrød Skakklub"]
[BlackTeam "Solrød Skakklub"]

1. d4 f5 2. e3 Nf6 3. Bd3 e6 4. a3 b6 5. Nd2 Bb7 6. f3 Be7 7. Qe2 d6 8. b3 Nbd7
9. Nh3 Nd5 10. Bb2 O-O 11. O-O Bg5 12. Nxg5 Qxg5 13. Rae1 Rae8 14. e4 Nf4 15.
Qf2 fxe4 16. Qg3 Qxg3 17. hxg3 Nxd3 18. cxd3 exd3 19. Re3 e5 20. Rxd3 Ba6 21.
Nc4 d5 22. Rc1 dxc4 23. bxc4 exd4 24. Rxd4 Nc5 25. Rc3 Na4 26. Rc2 Nxb2 27.
Rxb2 c5 28. Rd7 Rf7 29. Rxf7 Kxf7 30. Rc2 Rd8 31. Kf2 Rd4 32. Ke3 Bxc4 33. g4
b5 34. g3 Rd3+ 0-1

[Event "Køge Bugt Vinter 2012"]
[Site "Solrod Skole"]
[Date "2012.02.15"]
[Round "4.8"]
[White "Jørgensen, Leif"]
[Black "Hellum, Oliver"]
[Result "0-1"]
[WhiteElo "1676"]
[BlackElo "1682"]
[PlyCount "58"]
[EventDate "2012.??.??"]
[WhiteTeam "Solrød Skakklub"]
[BlackTeam "BMS Skak"]

1. d4 Nf6 2. c4 d6 3. Nc3 Nbd7 4. Nf3 e5 5. e4 Be7 6. dxe5 Nxe5 7. Be2 O-O 8.
Bf4 Nxf3+ 9. Bxf3 Be6 10. b3 Nd7 11. Bg4 Bf6 12. Rc1 Bg5 13. Bxg5 Qxg5 14. Bf3
Ne5 15. Rc2 Qf4 16. Be2 f5 17. g3 Qh6 18. O-O fxe4 19. Nxe4 Kh8 20. Kh1 Bf5 21.
f3 Qg6 22. Rd2 Bxe4 23. fxe4 Qxe4+ 24. Kg1 Qe3+ 25. Kg2 Rxf1 26. Bxf1 Qe4+ 27.
Kh3 Nf3 28. g4 Nxd2 29. Qxd2 Qf3+ 0-1

[Event "Køge Bugt Vinter 2012"]
[Site "Solrod Skole"]
[Date "2012.02.15"]
[Round "4.9"]
[White "Hansen, Erik Levin"]
[Black "Stuhr, Finn"]
[Result "1-0"]
[WhiteElo "1743"]
[BlackElo "1722"]
[PlyCount "81"]
[EventDate "2012.??.??"]
[WhiteTeam "Haslev Skakklub"]
[BlackTeam "Køge Skakklub"]

1. e4 e5 2. f4 Nc6 3. Nf3 d6 4. Bc4 Bg4 5. Bxf7+ Kd7 6. c3 Qf6 7. Bxg8 Rxg8 8.
f5 g6 9. h3 Bxf3 10. Qxf3 Bh6 11. Na3 Raf8 12. g4 Bf4 13. d3 Qh4+ 14. Kd1 g5
15. Nc2 Ne7 16. Ne3 c6 17. Ng2 Qh6 18. Bxf4 exf4 19. h4 d5 20. Kc2 Rf7 21. e5
Nxf5 22. gxf5 Rxf5 23. hxg5 Qxg5 24. e6+ Ke8 25. Nh4 Rff8 26. Rag1 Qf6 27. Rxg8
Rxg8 28. Qh5+ Kf8 29. Qxh7 Qxe6 30. Qf5+ Ke7 31. Qxe6+ Kxe6 32. Rf1 Rg4 33. Nf3
Kf5 34. Rf2 c5 35. Kd2 c4 36. Ke2 Rg3 37. d4 Kg4 38. Nd2 Kf5 39. Nf1 Rh3 40.
Rf3 Rh1 41. Ng3+ 1-0